[Event "XIV Torneio Int. da Figueira da Foz"]
[Site "Figueira da Foz POR"]
[Date "2020.10.31"]
[Round "8.9"]
[White "Fernandes, João Pedro"]
[Black "Morais, Mario M F"]
[Result "1-0"]
[WhiteElo "2084"]
[BlackElo "1808"]
[WhiteFideId "1926624"]
[BlackFideId "1959506"]
[WhiteCountry "POR"]
[BlackCountry "POR"]
[PlyCount "59"]

1. e4 c5 2. Nf3 g6 3. c3 d5 4. e5 c4 5. b3 cxb3 6. axb3 Nc6 7. d4 e6 8. h4 h6 9.
Bd3 Bg7 10. Na3 a6 11. Bf4 Ra7 12. Kf1 Bd7 13. g3 Nge7 14. Kg2 O-O 15. Qd2 Kh7
16. h5 f5 17. hxg6+ Nxg6 18. Bxh6 Nce7 19. Bxg7+ Kxg7 20. Qh6+ Kf7 21. Ng5+ Ke8
22. Nb5 Qb6 23. Nxa7 Qxa7 24. Nh7 Rf7 25. Be2 f4 26. Bh5 Kd8 27. Bxg6 Nxg6 28.
Qxg6 Re7 29. Nf6 Kc7 30. Rh7 1-0

[Event "XIV Torneio Int. da Figueira da Foz"]
[Site "Figueira da Foz POR"]
[Date "2020.10.31"]
[Round "8.10"]
[White "Pipiras, Filipa"]
[Black "Löffner, Stefan"]
[Result "0-1"]
[WhiteElo "1912"]
[BlackElo "2352"]
[WhiteFideId "1944894"]
[BlackFideId "4603257"]
[BlackTitle "IM"]
[WhiteCountry "POR"]
[BlackCountry "GER"]
[PlyCount "140"]

1. d4 Nf6 2. c4 c5 3. d5 g6 4. Nc3 Bg7 5. e4 d6 6. Bd3 e6 7. Nf3 exd5 8. cxd5 a6
9. a4 Bg4 10. h3 Bxf3 11. Qxf3 Nbd7 12. Qd1 h6 13. O-O Ne5 14. Be2 g5 15. f4
gxf4 16. Bxf4 Qe7 17. Qc2 O-O 18. Bg3 Rae8 19. Rae1 Ng6 20. Bf3 Nd7 21. Nd1 Bd4+
22. Kh1 Nh4 23. Ne3 Bxe3 24. Rxe3 Ne5 25. Qf2 Nhxf3 26. gxf3 f5 27. Bxe5 Qxe5
28. f4 Qd4 29. Rg3+ Kh7 30. Qxd4 cxd4 31. exf5 Rxf5 32. Rd3 Rxd5 33. Kg2 Kg6 34.
Kf3 Kf5 35. Rg1 b5 36. axb5 Rxb5 37. Ra1 Re4 38. Rxa6 Rxf4+ 39. Kg3 h5 40. Rd2
h4+ 41. Kg2 Ke4 42. Ra3 Rg5+ 43. Kh2 Rg3 44. Rxg3 hxg3+ 45. Kxg3 Ke3 46. Rd1 Rf8
47. Re1+ Kd2 48. Re4 d3 49. Rd4 Rf6 50. Kg4 Ke3 51. Rd5 Ke4 52. Ra5 Rg6+ 53. Kh5
Rg1 54. Ra4+ Ke5 55. Ra3 d2 56. Rd3 d1=Q+ 57. Rxd1 Rxd1 58. h4 Rb1 59. Kg6 Rxb2
60. h5 Rg2+ 61. Kh7 d5 62. h6 d4 63. Kh8 d3 64. h7 Rh2 65. Kg7 d2 66. h8=Q Rxh8
67. Kxh8 Kf6 68. Kh7 d1=Q 69. Kh8 Kg6 70. Kg8 Qd8# 0-1

[Event "XIV Torneio Int. da Figueira da Foz"]
[Site "Figueira da Foz POR"]
[Date "2020.10.31"]
[Round "8.11"]
[White "Pintor, Simão"]
[Black "Fernandes, Miguel"]
[Result "1/2-1/2"]
[WhiteElo "2115"]
[BlackElo "2139"]
[WhiteFideId "1904787"]
[BlackFideId "1920456"]
[WhiteCountry "POR"]
[BlackCountry "POR"]
[PlyCount "44"]

1. Nf3 d5 2. g3 c5 3. b3 Nc6 4. Bb2 Nf6 5. Bg2 e6 6. O-O Be7 7. d4 O-O 8. Nbd2
b5 9. Ne5 Nxe5 10. dxe5 Nd7 11. c4 bxc4 12. Nxc4 Rb8 13. Nd2 Ba6 14. f4 f6 15.
exf6 Bxf6 16. Bxf6 Nxf6 17. Nf3 d4 18. Ne5 Qd6 19. Qc2 Nd5 20. Be4 Nf6 21. Bf3
Nd5 22. Be4 Nf6 1/2-1/2

[Event "XIV Torneio Int. da Figueira da Foz"]
[Site "Figueira da Foz POR"]
[Date "2020.10.31"]
[Round "8.12"]
[White "Margarido, José"]
[Black "Guerreiro, Nuno"]
[Result "1-0"]
[WhiteElo "2138"]
[BlackElo "2079"]
[WhiteFideId "1914227"]
[BlackFideId "1903012"]
[WhiteCountry "POR"]
[BlackCountry "POR"]
[PlyCount "111"]

1. e4 Nc6 2. Nf3 a6 3. Nc3 d6 4. d4 Nf6 5. h3 g6 6. d5 Na7 7. a4 Bg7 8. Bc4 O-O
9. O-O Bd7 10. Re1 b5 11. Bf1 b4 12. Nb1 a5 13. Bc4 Nc8 14. e5 dxe5 15. Nxe5 Nb6
16. Bb3 Rc8 17. Be3 Be8 18. Bxb6 cxb6 19. Qf3 Qd6 20. Nd2 Nxd5 21. Bxd5 Bxe5 22.
Nc4 Rxc4 23. Bxc4 Bxb2 24. Rad1 Qc5 25. Bb3 Bc6 26. Qe3 Qxe3 27. Rxe3 Bf6 28.
Red3 e6 29. Rd6 Rc8 30. Rxe6 fxe6 31. Bxe6+ Kg7 32. Bxc8 Bxa4 33. Rd2 Bg5 34.
Re2 b3 35. cxb3 Bxb3 36. Be6 Bxe6 37. Rxe6 b5 38. Re5 Bd2 39. Rxb5 Kf6 40. Kf1
Ke6 41. Ke2 Bb4 42. Kd3 h5 43. g4 hxg4 44. hxg4 Kf6 45. f4 Ke6 46. Rb6+ Kf7 47.
Ra6 Be1 48. Ke4 Bb4 49. Ra7+ Kg8 50. Ke5 Bc3+ 51. Ke6 Kf8 52. f5 gxf5 53. gxf5
Kg8 54. f6 Bb4 55. Ra8+ Kh7 56. f7 1-0

[Event "XIV Torneio Int. da Figueira da Foz"]
[Site "Figueira da Foz POR"]
[Date "2020.10.31"]
[Round "8.13"]
[White "Torres Dominguez, David"]
[Black "Santos, António P"]
[Result "0-1"]
[WhiteElo "2029"]
[BlackElo "2123"]
[WhiteFideId "2220857"]
[BlackFideId "1900161"]
[BlackTitle "FM"]
[WhiteCountry "ESP"]
[BlackCountry "POR"]
[PlyCount "68"]

1. e4 c5 2. Nf3 d6 3. d4 cxd4 4. Nxd4 Nf6 5. Nc3 a6 6. f4 Nc6 7. Be3 g6 8. e5
Ng4 9. Nxc6 bxc6 10. Bg1 Bg7 11. Be2 Nh6 12. Bf3 O-O 13. exd6 exd6 14. Bf2 Re8+
15. Kf1 Rb8 16. Rb1 d5 17. g4 Rb4 18. h3 Rxf4 19. Bg3 Rd4 20. Qc1 f5 21. g5 Nf7
22. Ne2 Ra4 23. b3 Rxa2 24. Bf4 a5 25. h4 a4 26. bxa4 Rxa4 27. h5 Ba6 28. hxg6
hxg6 29. Qd2 Qe7 30. Kf2 Bxe2 31. Rhe1 Rxf4 32. Rxe2 Qxe2+ 33. Qxe2 Rxe2+ 34.
Kxe2 Nxg5 0-1

[Event "XIV Torneio Int. da Figueira da Foz"]
[Site "Figueira da Foz POR"]
[Date "2020.10.31"]
[Round "8.14"]
[White "Soares, Sara"]
[Black "Silva, Mariana"]
[Result "0-1"]
[WhiteElo "1654"]
[BlackElo "1885"]
[WhiteFideId "1948172"]
[BlackFideId "1911899"]
[BlackTitle "WCM"]
[WhiteCountry "POR"]
[BlackCountry "POR"]
[PlyCount "100"]

1. e4 c5 2. Nf3 g6 3. d4 cxd4 4. Nxd4 Nc6 5. c4 Bg7 6. Be3 Nf6 7. Be2 Nxe4 8.
Bf3 Qa5+ 9. Kf1 Nf6 10. Nc3 O-O 11. g3 Ne5 12. Qb3 Nxf3 13. Nxf3 Qh5 14. Nd4 b6
15. h4 Bb7 16. Rg1 Ng4 17. Nd5 Nxe3+ 18. fxe3 e6 19. Nf4 Qe5 20. Rd1 Rfd8 21. g4
Qe4 22. Nb5 d5 23. cxd5 Bxd5 24. Nxd5 Rxd5 25. Rxd5 exd5 26. Kf2 Rc8 27. Nc3
Bxc3 28. bxc3 Re8 29. Rg3 Qd3 30. Qa4 Qd2+ 31. Kf1 Rxe3 32. Rxe3 Qxe3 33. Qxa7
Qh3+ 34. Ke1 Qxc3+ 35. Ke2 Qc4+ 36. Ke3 Qc3+ 37. Ke2 Qe5+ 38. Kd3 Qd6 39. g5 Kg7
40. Kc2 Qc5+ 41. Kd2 d4 42. Qd7 Qc3+ 43. Ke2 Qe3+ 44. Kd1 d3 45. Qc6 Qe2+ 46.
Kc1 d2+ 47. Kb2 d1=Q+ 48. Ka3 Qdd3+ 49. Kb4 Qg4+ 50. Qe4 Qgxe4# 0-1

[Event "XIV Torneio Int. da Figueira da Foz"]
[Site "Figueira da Foz POR"]
[Date "2020.10.31"]
[Round "8.15"]
[White "Dantas, Carlos"]
[Black "Fonseca, Pedro"]
[Result "1-0"]
[WhiteElo "2126"]
[BlackElo "1590"]
[WhiteFideId "1900757"]
[BlackFideId "1955624"]
[WhiteCountry "POR"]
[BlackCountry "POR"]
[PlyCount "139"]

1. e4 e5 2. Nf3 Nc6 3. Bb5 a6 4. Ba4 Nf6 5. d3 b5 6. Bb3 Be7 7. c3 O-O 8. O-O
Bb7 9. Nbd2 d5 10. Re1 Re8 11. Qe2 Bf8 12. a4 Qd7 13. Nf1 Na5 14. Bc2 dxe4 15.
dxe4 Bc6 16. Bg5 Qe6 17. Bxf6 Qxf6 18. Ne3 bxa4 19. Bxa4 Qe6 20. b4 Bxa4 21.
Rxa4 Nb7 22. Rea1 a5 23. Nd5 Rac8 24. bxa5 Nc5 25. R4a2 f5 26. Ng5 Qg6 27. h4 h6
28. Qc4 Kh8 29. exf5 Qxf5 30. Ne3 Qg6 31. Nf3 e4 32. Nd4 Na6 33. h5 Qf6 34. Nc6
Nc5 35. Nb4 Bd6 36. Rd1 Qh4 37. g3 Qxh5 38. Rd5 Re5 39. a6 Rg5 40. Rxg5 Qxg5 41.
Qd5 Qxd5 42. Nexd5 Kg8 43. a7 Ra8 44. Nc6 Kf7 45. Rb2 Na6 46. Rb7 Ke6 47. Ndb4
Nxb4 48. cxb4 Kd5 49. b5 Bc5 50. Rxc7 e3 51. fxe3 Bxe3+ 52. Kg2 Bb6 53. Rb7 Kc5
54. Rb8 Rxa7 55. Nxa7 Bxa7 56. Rb7 Bb6 57. Rxg7 Kxb5 58. Rg6 Be3 59. Kf3 Bd2 60.
Rd6 Bc1 61. Kg4 Kc5 62. Rd1 Be3 63. Kh5 Kc6 64. g4 Bg5 65. Kg6 Kc7 66. Rh1 Kd7
67. Rxh6 Bxh6 68. Kxh6 Ke7 69. g5 Kf8 70. Kh7 1-0

[Event "XIV Torneio Int. da Figueira da Foz"]
[Site "Figueira da Foz POR"]
[Date "2020.10.31"]
[Round "8.17"]
[White "Marçal, Paulo"]
[Black "Röttgen, Jürgen"]
[Result "0-1"]
[WhiteElo "1652"]
[BlackElo "2099"]
[WhiteFideId "1903837"]
[BlackFideId "4629868"]
[WhiteCountry "POR"]
[BlackCountry "GER"]
[PlyCount "119"]

1. e4 c5 2. Nf3 e6 3. d4 cxd4 4. Nxd4 Nc6 5. Be3 Qc7 6. Nd2 a6 7. N2b3 Nf6 8.
Nxc6 bxc6 9. Bd3 d5 10. f3 Bd6 11. Qe2 Bxh2 12. O-O-O dxe4 13. fxe4 h5 14. g3
Bxg3 15. Qf3 Be5 16. Rdg1 g6 17. Rg5 Ng4 18. Rxe5 Qxe5 19. Bf4 Qf6 20. e5 Nxe5
21. Qe4 Nxd3+ 22. cxd3 O-O 23. Rg1 Qf5 24. Qe3 Rd8 25. Nc5 f6 26. Bc7 Rd5 27.
Ne4 g5 28. Bd8 Rxd8 29. Nxg5 Kf8 30. Ne4 Qh7 31. Qc5+ Kf7 32. Nd6+ Rxd6 33. Qxd6
Ra7 34. Qd8 Bd7 35. Qb8 Qxd3 36. Qg8+ Ke7 37. Qg7+ Kd8 38. Qxf6+ Kc7 39. Qe5+
Qd6 40. Qa5+ Kb7 41. Qc3 Qf4+ 42. Kb1 Qf5+ 43. Ka1 Ra8 44. a4 Rf8 45. Qb4+ Kc7
46. Rd1 Rf7 47. Qd4 a5 48. Qa7+ Kd8 49. Qb8+ Ke7 50. Qd6+ Kf6 51. Qd4+ Kg6 52.
Rg1+ Kh7 53. Qh4 Rg7 54. Rxg7+ Kxg7 55. Qe7+ Qf7 56. Qg5+ Kh7 57. Qxa5 h4 58.
Qg5 Qf1+ 59. Ka2 Qc4+ 60. Qf4 0-1

[Event "XIV Torneio Int. da Figueira da Foz"]
[Site "Figueira da Foz POR"]
[Date "2020.10.31"]
[Round "9.1"]
[White "Stella, Andrea"]
[Black "Grigoryan, Karen H"]
[Result "1/2-1/2"]
[WhiteElo "2457"]
[BlackElo "2658"]
[WhiteFideId "827061"]
[BlackFideId "13301004"]
[WhiteTitle "GM"]
[BlackTitle "GM"]
[WhiteCountry "ITA"]
[BlackCountry "ARM"]
[PlyCount "120"]

1. d4 d6 2. e4 Nf6 3. Nc3 Nbd7 4. Nf3 e5 5. Bc4 Be7 6. O-O O-O 7. a4 a5 8. h3 c6
9. Re1 h6 10. Be3 Re8 11. dxe5 dxe5 12. Nh4 Bb4 13. Qf3 Nf8 14. Red1 Qe7 15. Ne2
Be6 16. Nf5 Bxf5 17. Qxf5 g6 18. Qf3 Kg7 19. Nc1 N8h7 20. Nb3 Ng5 21. Bxg5 hxg5
22. Qe3 g4 23. h4 g3 24. fxg3 Ng4 25. Qf3 Bc5+ 26. Nxc5 Qxc5+ 27. Kh1 Nf2+ 28.
Kh2 Qxc4 29. Qxf2 Rad8 30. Rf1 Rd7 31. Rad1 Rxd1 32. Qf6+ Kg8 33. Rxd1 Qxe4 34.
Rd7 Rf8 35. Rxb7 Qxc2 36. Qxe5 Qxa4 37. Ra7 Qb3 38. Rxa5 Rb8 39. Rc5 Qxb2 40.
Qxb2 Rxb2 41. Rxc6 Rb4 42. Kh3 Rb3 43. Rf6 Kg7 44. Rf3 Rb1 45. g4 Rh1+ 46. Kg3
Kg8 47. g5 Kg7 48. Kg4 Kg8 49. Rf4 Kg7 50. g3 Ra1 51. Kh3 Ra3 52. Kg2 Ra2+ 53.
Rf2 Ra4 54. Rf3 Kg8 55. Kh3 Ra1 56. g4 Rh1+ 57. Kg3 Rg1+ 58. Kf4 Rh1 59. Kg3
Rg1+ 60. Kf4 Rh1 1/2-1/2

[Event "XIV Torneio Int. da Figueira da Foz"]
[Site "Figueira da Foz POR"]
[Date "2020.10.31"]
[Round "9.2"]
[White "Batsiashvili, Nino"]
[Black "Silva, Pedro Gil"]
[Result "1-0"]
[WhiteElo "2467"]
[BlackElo "2034"]
[WhiteFideId "13602993"]
[BlackFideId "1946102"]
[WhiteTitle "GM"]
[WhiteCountry "GEO"]
[BlackCountry "POR"]
[PlyCount "112"]

1. d4 Nf6 2. c4 e6 3. Nc3 Bb4 4. e3 b6 5. Bd3 Bb7 6. Nf3 c5 7. O-O Bxc3 8. bxc3
d6 9. Re1 Nc6 10. e4 e5 11. d5 Ne7 12. Nh4 O-O 13. Bg5 Ng6 14. Nf5 h6 15. Bd2
Bc8 16. Qf3 Nh7 17. g3 Qf6 18. h4 Bd7 19. Re3 Rae8 20. a4 Ne7 21. a5 g5 22. hxg5
Nxg5 23. Nxe7+ Qxe7 24. Qh5 Qf6 25. Bf1 Qg6 26. Qxg6+ fxg6 27. Bg2 b5 28. cxb5
Bxb5 29. Rb1 a6 30. c4 Bxc4 31. Rb6 Rb8 32. Rxd6 Rb2 33. Be1 Bb5 34. Rxg6+ Kh7
35. Rb6 Rb1 36. Kh2 Rb2 37. Rb7+ Kg6 38. Re7 Kf6 39. Rc7 Rc2 40. Kg1 Kg6 41. Re7
Kf6 42. Rb7 Kg6 43. Re7 Kf6 44. d6 Rd8 45. f4 Rxd6 46. Rxe5 Ne6 47. Rxc5 Nxc5
48. e5+ Ke7 49. exd6+ Kxd6 50. Bf1 Bc6 51. Bb4 Rc1 52. Re1 Rxe1 53. Bxe1 Bb7 54.
Bb4 Bc8 55. Bg2 Bf5 56. Kf2 Kd5 1-0

[Event "XIV Torneio Int. da Figueira da Foz"]
[Site "Figueira da Foz POR"]
[Date "2020.10.31"]
[Round "9.3"]
[White "Cumming, Rhys"]
[Black "Dias, Paulo"]
[Result "1/2-1/2"]
[WhiteElo "2299"]
[BlackElo "2338"]
[WhiteFideId "470163"]
[BlackFideId "1900803"]
[WhiteTitle "FM"]
[BlackTitle "IM"]
[WhiteCountry "ENG"]
[BlackCountry "POR"]
[PlyCount "50"]

1. e4 e5 2. Nf3 Nc6 3. Nc3 Nf6 4. d4 exd4 5. Nxd4 Bb4 6. Nxc6 bxc6 7. Bd3 d5 8.
exd5 cxd5 9. O-O O-O 10. Bg5 c6 11. Qf3 h6 12. Bxf6 Qxf6 13. Qxf6 gxf6 14. Ne2
Be6 15. Nd4 Rac8 16. Nf5 Bxf5 17. Bxf5 Rb8 18. Rad1 Rfe8 19. Bd7 Re2 20. Bxc6
Rxc2 21. Bxd5 Rxb2 22. Bb3 Re8 23. Rd7 Re7 24. Rxe7 Bxe7 25. g4 Bc5 1/2-1/2

[Event "XIV Torneio Int. da Figueira da Foz"]
[Site "Figueira da Foz POR"]
[Date "2020.10.31"]
[Round "9.4"]
[White "Santos, José Gulherme"]
[Black "Martín Duque, Jesus"]
[Result "1-0"]
[WhiteElo "2229"]
[BlackElo "2426"]
[WhiteFideId "1939300"]
[BlackFideId "2208954"]
[BlackTitle "IM"]
[WhiteCountry "POR"]
[BlackCountry "ESP"]
[PlyCount "127"]

1. e4 c5 2. Nf3 e6 3. d4 cxd4 4. Nxd4 a6 5. Bd3 Nf6 6. Nc3 Qc7 7. Qe2 d6 8. Be3
Nbd7 9. g4 h5 10. g5 Ng4 11. Bd2 Nge5 12. f4 Nxd3+ 13. cxd3 Qb6 14. Be3 Nc5 15.
Rb1 a5 16. g6 fxg6 17. f5 Be7 18. fxe6 O-O 19. Rg1 Qa6 20. Nd5 Bh4+ 21. Kd2 a4
22. Rxg6 Qa5+ 23. Kc2 Nxe6 24. Nxe6 Bxe6 25. Rxe6 Rac8+ 26. Nc3 a3 27. b4 Rxc3+
28. Kxc3 Qc7+ 29. Kd2 Qf7 30. Qd1 Qxe6 31. Qb3 Qxb3 32. Rxb3 Rf1 33. Rxa3 g5 34.
Ra5 Rh1 35. Bxg5 Rxh2+ 36. Ke3 Be1 37. a3 h4 38. Bf4 Rh3+ 39. Ke2 Bg3 40. Rg5+
Kf7 41. Bxg3 hxg3 42. Rd5 Ke6 43. Kf3 Rh2 44. Kxg3 Ra2 45. Kf4 Rxa3 46. Ke3 Rc3
47. Rh5 Kd7 48. Kd4 Rb3 49. Kc4 Ra3 50. b5 Kc7 51. Rh7+ Kc8 52. d4 Ra4+ 53. Kd5
Rb4 54. Rg7 Kb8 55. Rd7 Kc8 56. Rxd6 Rxb5+ 57. Kc4 Rb1 58. e5 Kc7 59. Rh6 Rc1+
60. Kd5 b5 61. Rh7+ Kb6 62. e6 b4 63. e7 Re1 64. Rh6+ 1-0

[Event "XIV Torneio Int. da Figueira da Foz"]
[Site "Figueira da Foz POR"]
[Date "2020.10.31"]
[Round "9.5"]
[White "Garcia Dorado, Alberto"]
[Black "Taboas Rodriguez, Daniel"]
[Result "0-1"]
[WhiteElo "2181"]
[BlackElo "2365"]
[WhiteFideId "2252244"]
[BlackFideId "2208466"]
[WhiteTitle "CM"]
[BlackTitle "FM"]
[WhiteCountry "ESP"]
[BlackCountry "ESP"]
[PlyCount "148"]

1. d4 d6 2. c4 e5 3. Nc3 Nc6 4. d5 Nce7 5. Nf3 f5 6. g3 Nf6 7. Bg2 g6 8. Ng5 Bg7
9. Ne6 Bxe6 10. dxe6 c6 11. e4 O-O 12. O-O fxe4 13. Nxe4 Nxe4 14. Bxe4 Rf6 15.
Bg5 Rxe6 16. Bxe7 Qxe7 17. Qe2 Rf8 18. Rad1 Qg5 19. Rd3 Ref6 20. Qe3 Qxe3 21.
Rxe3 R8f7 22. Kg2 Bf8 23. Rf3 Rxf3 24. Bxf3 Rd7 25. Rd1 Kf7 26. b4 Rc7 27. a4
Ke6 28. b5 Kf5 29. Re1 Bh6 30. Be4+ Ke6 31. Rd1 Bg5 32. Kf3 Bd8 33. Ke3 Rc8 34.
f4 Bb6+ 35. Ke2 Bd4 36. Bf3 Rc7 37. fxe5 dxe5 38. Rf1 Kd6 39. bxc6 bxc6 40. Be4
Kc5 41. Rf6 Kb4 42. Bxc6 Kxc4 43. Re6 Rf7 44. Bf3 Kb4 45. Bc6 Rf2+ 46. Kd3 Rxh2
47. Ke4 Re2+ 48. Kf3 Rf2+ 49. Ke4 Rf7 50. Be8 Rg7 51. g4 Kc3 52. a5 Kb4 53. a6
Ka5 54. g5 Rc7 55. Kd5 Rc5+ 56. Ke4 Rc3 57. Re7 Rh3 58. Bf7 Rh5 59. Bg8 Rxg5 60.
Bxh7 Kxa6 61. Re6+ Kb5 62. Rxg6 Rxg6 63. Bxg6 Kc4 64. Bf7+ Kc3 65. Be8 a5 66.
Bc6 Kb3 67. Bd5+ Kc3 68. Bc6 Kb4 69. Kd3 a4 70. Bd5 Ba7 71. Ke4 Bb8 72. Kd3 Bc7
73. Bc6 Kb3 74. Kd2 a3 0-1

[Event "XIV Torneio Int. da Figueira da Foz"]
[Site "Figueira da Foz POR"]
[Date "2020.10.31"]
[Round "9.6"]
[White "Antolak, Julia"]
[Black "Fernandes, João Pedro"]
[Result "1/2-1/2"]
[WhiteElo "2313"]
[BlackElo "2084"]
[WhiteFideId "1159569"]
[BlackFideId "1926624"]
[WhiteTitle "WIM"]
[WhiteCountry "POL"]
[BlackCountry "POR"]
[PlyCount "90"]

1. e4 c5 2. Nf3 d6 3. d4 cxd4 4. Nxd4 Nf6 5. Nc3 a6 6. Bg5 Nbd7 7. Bc4 Qa5 8.
Qd2 e6 9. O-O-O b5 10. Bd3 Bb7 11. Rhe1 O-O-O 12. f3 h6 13. Nb3 Qc7 14. Be3 d5
15. exd5 Nxd5 16. Nxd5 Bxd5 17. Kb1 Kb8 18. Qf2 Bb4 19. c3 Be7 20. Be4 Bxe4+ 21.
fxe4 Ne5 22. Bb6 Rxd1+ 23. Rxd1 Qb7 24. Qd4 Nc4 25. Qxg7 Rc8 26. Bd4 Qxe4+ 27.
Ka1 e5 28. Qg3 Bh4 29. Nd2 Qe2 30. Qf3 Qxf3 31. Nxf3 exd4 32. Nxh4 Ne3 33. Rd3
dxc3 34. bxc3 Nc4 35. Kb1 Re8 36. Rd7 Re1+ 37. Kc2 Re2+ 38. Kb1 Re1+ 39. Kc2 Re4
40. g3 Re2+ 41. Kb1 Rb2+ 42. Kc1 Rxh2 43. Rxf7 Rh1+ 44. Kc2 Rh2+ 45. Kc1 Rh1+
1/2-1/2

[Event "XIV Torneio Int. da Figueira da Foz"]
[Site "Figueira da Foz POR"]
[Date "2020.10.31"]
[Round "9.7"]
[White "Löffner, Stefan"]
[Black "Janik, Igor"]
[Result "0-1"]
[WhiteElo "2352"]
[BlackElo "2489"]
[WhiteFideId "4603257"]
[BlackFideId "1159259"]
[WhiteTitle "IM"]
[BlackTitle "IM"]
[WhiteCountry "GER"]
[BlackCountry "POL"]
[PlyCount "110"]

1. Nf3 Nf6 2. g3 d5 3. Bg2 g6 4. c4 c6 5. Qa4 Bg7 6. cxd5 Nxd5 7. d4 Bg4 8. Ne5
Nb6 9. Qb4 Be6 10. O-O O-O 11. Bf4 Na6 12. Qd2 f6 13. Nf3 Bf7 14. Qc1 g5 15. Bd2
Bg6 16. Rd1 Nc7 17. Nc3 Ncd5 18. h4 h6 19. hxg5 hxg5 20. Ne1 Nxc3 21. Qxc3 e6
22. Nd3 Qe7 23. Qb3 Rfd8 24. Bb4 Qf7 25. Bh3 Bf5 26. Bxf5 exf5 27. e3 Nd5 28.
Rac1 a5 29. Bd2 Bf8 30. Rc4 Rd7 31. Kg2 Qe6 32. Rh1 a4 33. Qc2 Nb6 34. Rc3 Qxa2
35. Nc5 Qd5+ 36. Kg1 Bxc5 37. Rxc5 Qe4 38. Qxe4 fxe4 39. Bb4 Nd5 40. Ba3 Rh7 41.
Rxh7 Kxh7 42. Rc1 Kg6 43. g4 Rh8 44. Kg2 Kf7 45. Kg3 b5 46. Bd6 Rc8 47. Rh1 Kg7
48. Rc1 Nb6 49. Bb4 Nc4 50. Bc3 Rb8 51. Rb1 b4 52. Be1 b3 53. Bc3 Kf7 54. f3 Re8
55. Ra1 a3 0-1

[Event "XIV Torneio Int. da Figueira da Foz"]
[Site "Figueira da Foz POR"]
[Date "2020.10.31"]
[Round "9.8"]
[White "Silva, Mariana"]
[Black "Djuric, Stefan"]
[Result "0-1"]
[WhiteElo "1885"]
[BlackElo "2358"]
[WhiteFideId "1911899"]
[BlackFideId "900133"]
[WhiteTitle "WCM"]
[BlackTitle "GM"]
[WhiteCountry "POR"]
[BlackCountry "SRB"]
[PlyCount "88"]

1. Nf3 g6 2. g3 Bg7 3. Bg2 Nf6 4. c4 O-O 5. O-O c5 6. Nc3 Nc6 7. d4 cxd4 8. Nxd4
Nxd4 9. Qxd4 d6 10. h3 Be6 11. Bxb7 Bxh3 12. Bg2 Bxg2 13. Kxg2 Qd7 14. Qh4 Rac8
15. Rh1 h5 16. f3 Qe6 17. Qd4 Rxc4 18. Qxa7 d5 19. Bg5 d4 20. Bxf6 exf6 21. Ne4
f5 22. Nf2 Rc2 23. Rhe1 Rxb2 24. e4 dxe3 25. Rxe3 Qd6 26. Rf1 Bd4 27. Qa3 Qxa3
28. Rxa3 Re8 29. Rd3 Ba7 30. Ra3 Bc5 31. Rc3 Be3 32. f4 Rxa2 33. Kf3 Ba7 34. Rd3
Ree2 35. Nd1 Red2 36. Rxd2 Rxd2 37. Re1 Bd4 38. Rf1 f6 39. Nf2 g5 40. fxg5 fxg5
41. Nd1 Kg7 42. Rh1 Kg6 43. Re1 Kf6 44. Ne3 g4+ 0-1

[Event "XIV Torneio Int. da Figueira da Foz"]
[Site "Figueira da Foz POR"]
[Date "2020.10.31"]
[Round "9.9"]
[White "Tadevosyan, Aspet"]
[Black "Margarido, José"]
[Result "1-0"]
[WhiteElo "2136"]
[BlackElo "2138"]
[WhiteFideId "24526134"]
[BlackFideId "1914227"]
[WhiteCountry "ESP"]
[BlackCountry "POR"]
[PlyCount "61"]

1. d4 Nf6 2. c4 e6 3. Nf3 b6 4. g3 Ba6 5. b3 Bb7 6. Bg2 Bb4+ 7. Bd2 a5 8. O-O
O-O 9. Bc1 a4 10. a3 axb3 11. Bb2 Be7 12. Nbd2 d5 13. Qxb3 Nc6 14. Qc2 Na5 15.
Ne5 Nd7 16. Nd3 c5 17. e4 Rc8 18. cxd5 exd5 19. exd5 c4 20. Nb4 Nf6 21. Rfe1 Rc7
22. Re5 Bd6 23. Re2 Qa8 24. Ne4 Nxd5 25. Nxd6 Nxb4 26. axb4 Bxg2 27. bxa5 bxa5
28. Rae1 Bh3 29. Qe4 Qa6 30. Ba3 Rc6 31. Qe7 1-0

[Event "XIV Torneio Int. da Figueira da Foz"]
[Site "Figueira da Foz POR"]
[Date "2020.10.31"]
[Round "9.10"]
[White "Santos, António P"]
[Black "Alshameary Puente, Ismael"]
[Result "1-0"]
[WhiteElo "2123"]
[BlackElo "2373"]
[WhiteFideId "1900161"]
[BlackFideId "2225166"]
[WhiteTitle "FM"]
[BlackTitle "IM"]
[WhiteCountry "POR"]
[BlackCountry "ESP"]
[PlyCount "91"]

1. d4 Nf6 2. c4 b6 3. Nf3 Bb7 4. Nc3 d5 5. cxd5 Nxd5 6. e3 e6 7. Bb5+ c6 8. Bd3
Be7 9. O-O O-O 10. Nxd5 Qxd5 11. Qc2 Qh5 12. Be2 Qd5 13. Ne5 Qd8 14. Bf3 Qc7 15.
Nd3 c5 16. Bxb7 Qxb7 17. dxc5 bxc5 18. b3 Rc8 19. Bb2 Nd7 20. Ne5 Nxe5 21. Bxe5
Qd5 22. Bb2 c4 23. Rfd1 Qb5 24. Qe2 Rab8 25. Rac1 a6 26. Qg4 Bf8 27. Rc3 Qa5 28.
Rxc4 Qxa2 29. Rxc8 Rxc8 30. Bd4 Qxb3 31. g3 Qc4 32. Qf3 a5 33. Rb1 Qc6 34. Qxc6
Rxc6 35. Rb8 Rc1+ 36. Kg2 a4 37. Be5 Rd1 38. Bc3 g5 39. Bb4 Rb1 40. Rxf8+ Kg7
41. Rb8 Kg6 42. Rg8+ Kf5 43. Be7 h6 44. Ra8 Ra1 45. h3 h5 46. Rg8 1-0

[Event "XIV Torneio Int. da Figueira da Foz"]
[Site "Figueira da Foz POR"]
[Date "2020.10.31"]
[Round "9.12"]
[White "Varela La Madrid, Tilsia"]
[Black "Dantas, Carlos"]
[Result "1/2-1/2"]
[WhiteElo "2060"]
[BlackElo "2126"]
[WhiteFideId "3903001"]
[BlackFideId "1900757"]
[WhiteTitle "WIM"]
[WhiteCountry "VEN"]
[BlackCountry "POR"]
[PlyCount "33"]

1. e4 e5 2. Nf3 Nc6 3. Bc4 Bc5 4. c3 Nf6 5. d3 d6 6. Bg5 Bb6 7. Nbd2 O-O 8. Nf1
Be6 9. Ng3 h6 10. Bh4 Nb8 11. Nh5 Nbd7 12. Bxe6 fxe6 13. a4 a5 14. O-O Qe8 15.
Nxf6+ Nxf6 16. Bxf6 gxf6 17. d4 1/2-1/2

[Event "XIV Torneio Int. da Figueira da Foz"]
[Site "Figueira da Foz POR"]
[Date "2020.10.31"]
[Round "9.13"]
[White "Morais, Mario M F"]
[Black "Pintor, Simão"]
[Result "0-1"]
[WhiteElo "1808"]
[BlackElo "2115"]
[WhiteFideId "1959506"]
[BlackFideId "1904787"]
[WhiteCountry "POR"]
[BlackCountry "POR"]
[PlyCount "80"]

1. d4 d5 2. c4 e6 3. Nf3 c5 4. e3 Nc6 5. Nc3 Nf6 6. Be2 dxc4 7. Bxc4 Be7 8. O-O
O-O 9. Bb3 cxd4 10. exd4 b6 11. d5 exd5 12. Nxd5 Nxd5 13. Qxd5 Qc7 14. Bg5 Be6
15. Qe4 Bxb3 16. axb3 Rfe8 17. Rfe1 h6 18. Bxe7 Rxe7 19. Qc4 Rxe1+ 20. Rxe1 Qd6
21. h3 Rd8 22. b4 Qf6 23. b5 Nd4 24. Ne5 Ne6 25. b4 Rd4 26. Qc8+ Kh7 27. Qc2+ g6
28. Nc6 Rd7 29. Rd1 Nd4 30. Nxd4 Rxd4 31. Rxd4 Qxd4 32. Qc7 Qa1+ 33. Kh2 Kg7 34.
f4 Qd4 35. Qe5+ Qxe5 36. fxe5 g5 37. g4 f6 38. exf6+ Kxf6 39. Kg3 Ke5 40. h4 Ke4
0-1

[Event "XIV Torneio Int. da Figueira da Foz"]
[Site "Figueira da Foz POR"]
[Date "2020.10.31"]
[Round "9.14"]
[White "Röttgen, Jürgen"]
[Black "Torres Dominguez, David"]
[Result "0-1"]
[WhiteElo "2099"]
[BlackElo "2029"]
[WhiteFideId "4629868"]
[BlackFideId "2220857"]
[WhiteCountry "GER"]
[BlackCountry "ESP"]
[PlyCount "56"]

1. c4 e5 2. Nc3 Nc6 3. Nf3 f5 4. d4 e4 5. Ng5 Bb4 6. d5 Ne5 7. Qb3 Qe7 8. Bd2 e3
9. fxe3 Ng4 10. Nh3 N8f6 11. Nb5 Bxd2+ 12. Kxd2 Ne4+ 13. Ke1 d6 14. Nd4 O-O 15.
g3 Nc5 16. Qc3 Bd7 17. Bg2 Nxe3 18. Bf3 Na4 19. Qb3 Qe5 20. Ne6 Bxe6 21. Qxa4 b5
22. Qxb5 Rab8 23. Qc6 Nc2+ 24. Kf1 Qxb2 25. dxe6 Qxa1+ 26. Kg2 Ne3+ 27. Kf2 Qd4
28. Ke1 Nc2+ 0-1